Регионална библиотека "Любен Каравелов" - Русе

Фауст (Запис номер 421007)

MARC детайли
000 -Лидер
Контролно поле с фиксирана дължина nam a22 a 4500
003 - Код на организацията, давaща контролен номер
Контролно поле BLK
005 - Дата и час на последна редакция
Контролно поле 20210622164350.0
008 - Елементи от данни с фиксирана дължина
fixed length control field 180408b bul|||||r ||||||| ||bul||
040 ## - Източник на каталожния запис
Идентификатор на билиотеката - собственик на записа BLK
041 ## - Код за език
Код за езика на текст/звукозапис или на отделно заглавие Български
Код за езика КДБФ Български
080 ## - УДК
Текстов определител УДК Немска литература
УДК код - определител по УДК 821.112.2
УДК определител -21
УДК - код + определител 821.112.2-21
100 1# - Редна дума - Автор
Автор Гьоте, Йохан Волфганг фон
Авторска отговорност първи автор
R(LIN) 363966
139 ## - Редно поле
Редна дума Гьоте, Йохан Волфганг фон
Авторски знак Гън - Г 97
245 10 - Сведения за заглавието
Заглавие Фауст
Подзаглавни данни Трагедия : Ч. 1-2
Редно поле (дума) Йохан Волфганг Гьоте
250 ## - Област на изданието
Сведения за изданието 3. изд.
257 ## - Страна на издаване
Страна на създаване/издаване Германия
260 ## - Област на издателските данни
Място на издаване, разпространение и проч. София
Име на издателя, разпространителя и проч. Хемус
Година на издаване 1925-1932
9 (RLIN) 209594
Издателство - префикс ISBN 954-428-
300 ## - Физическа характеристика
Размери/Мащаб 16 см
380 ## - Жанр
Жанр Худож. лит.
490 ## - СЕРИИ (Колекции)
9 (RLIN) 205877
Име на серия Библиотека Вечни спътници : Литературни пособия на средношколци
№: серия 4, 5
501 ## - Забележка „подвързано към”
Забележка: Подвързано към... Ч. 1 и ч. 2 в едно тяло
505 ## - Форматирана забележка
Заглавие Ч. 1: [Прев. Г. Бакалов]. - София : П. Глушков, [1932]. - 168 с.
505 ## - Форматирана забележка
Заглавие Ч. 2: Прев. в проза Г. Бакалов. - 1925 (София : кооп. печ. Франклин. - 280 с.
700 ## - Други автори (авторска отговорност)
Лично име Бакалов, Георги Иванов
Автороска отговорност (Описва отношението между автора и произведението) прев. от нем.
9 (RLIN) 249593
852 ## - Местоположение
Форматна сигнатура Цб 8.160.5166
Фондова буква Хранилище
999 ## - СИСТЕМНИ КОНТРОЛНИ НОМЕРА
Koha biblionumber 421007
Koha biblioitemnumber 421007
942 ## - АРТИКУЛИ
Вид на библиотечния материал Книги
Скрит в OPAC Не
Периодичен библиозапис Да
944 ## - СЪЗДАВАНЕ И РЕДАКЦИЯ на ЗАПИСА
Създаване/Редакция Създаване
Статус, дата на статуса 2021-06-22
Служител, извършил регистрацията/редакцията ГГГ
Наличности
Код за отписване Код за изгубен артикул Източник на класификационната схема Код за повреда Коз за рестрикции Код за отдаване Артикулен № Име на библиотеката - собственик Име на библиотеката, в която се намира в момента Статус (Текущо местоположение) Дата на вписване в системата Местоположение - отдел Цена в лева Инвентарен номер Систематично азбучна сигнатура Баркод Цена в евро Служебен тип на артикула
  Не е изгубен Universal Decimal Classification Не е повреден само за читалня ползва се в читалня 838759 Регионална библиотека "Любен Каравелов" Русе Регионална библиотека "Любен Каравелов" Русе Хранилище 2021-06-23 Основен фонд - ползва се само за читалня 0.14 5166 Цб 8.160.5166 900000066270 0.07 Книги
Vip Innovations Ltd, Rousse, Bulgaria 2025